Normal view MARC view
  • Ahmad, Anis,

Entry Personal Name

Number of records used in: 1

001 - CONTROL NUMBER

  • control field: 29816

003 - CONTROL NUMBER IDENTIFIER

  • control field: NUST

005 - DATE AND TIME OF LATEST TRANSACTION

  • control field: 20200903141341.0

008 - FIXED-LENGTH DATA ELEMENTS

  • fixed length control field: 200903|| aca||aabn | a|a d

040 ## - CATALOGING SOURCE

  • Original cataloging agency: NUST
  • Transcribing agency: NUST

100 ## - HEADING--PERSONAL NAME

  • Personal name: Ahmad, Anis,
  • Dates associated with a name: 1944-

670 ## - SOURCE DATA FOUND

  • Source citation: Work cat.: (NUST)0: Maudoodi, Syed Abul ʻAla, 1903-1979, author. 29814, Islam's political order :
© 2023 Central Library, National University of Sciences and Technology. All Rights Reserved.